000 00852nam a2200325Ia 4500
005 20260514124344.0
008 008 261405s9999 xx 000 0 eng d
037 _aThesis
040 _aCRL
040 _beng
040 _cCRL
041 _2eng
041 _aeng
084 _qCRL
100 _aAttri Dr.Jyotsna
_91239534
245 0 _aTo Evaluate the Diurnal Variation in Intra Ocular Pressure (IOP) in Cases of Primary Open Angle Glaucoma Pre and Post Antiglaucoma Medication.
260 _aDelhi
260 _bUniversity of Delhi
260 _c2016
300 _a87p.
502 _bPh.D.
502 _cUniversity of Delhi
502 _d2016
541 _oThesis
650 _aOphthalmology
700 _aDr.JKS Parihar
_91239536
710 _aOphthalmology
_91239537
942 _cTH
999 _c1851723
_d1851723